Santiago Pérez Triana

Guardat en:
Dades bibliogràfiques
Autor principal: Ortiz, Sergio Elías (autor)
Format: Llibre
Idioma:espanyol
Publicat: Bogotá Kelly 1971
Col·lecció:Bolsilibros de la Academia de Historia, 16
Matèries:
Etiquetes: Afegir etiqueta
Sense etiquetes, Sigues el primer a etiquetar aquest registre!

MARC

LEADER 00000nam a2200000 a 4500
001 UCP8318
003 CL-VaPUC
008 000114e19710000CK |||||||||||||||||spa|d
082 0 4 |a 923.2  |b ORT  |2 21 
100 |a Ortiz, Sergio Elías  |e autor  |9 438208 
245 1 0 |a Santiago Pérez Triana 
300 |a 127 p 
942 |c BK 
945 |d 20000114 00:00:00  |a rherrera 
260 |a Bogotá  |b Kelly  |c 1971 
600 0 7 |a PEREZ TRIANA, SANTIAGO  |2 CL-VaPUC  |9 438209 
650 0 |a Biografías  |9 255210 
650 7 |a MINISTROS  |2 CL-VaPUC  |9 377807 
650 0 |a Gobierno   |9 255508 
650 0 |a Vida y obra  |9 311871 
651 0 |a Colombia  |9 256424 
583 |a last modification  |c 20000114 00:00:00  |k Rodrigo Vera 
490 0 |a Bolsilibros de la Academia de Historia, 16 
999 |c 285250  |d 285248 
952 |0 0  |1 0  |4 0  |6 923_200000000000000_ORT_1971  |7 0  |8 A  |9 329711  |a BIBHIS  |b BIBHIS  |d 2019-11-20  |i 1377183  |o 923.2 ORT 1971  |p 1377183  |r 2025-01-20  |w 2019-11-20  |y BK  |k HIS